Statistics for Countries bordering Countries that border China

Click here to take the quiz!

General Stats

  • This quiz has been taken 173 times
    (172 since last reset)
  • The average score is 15 of 17

Answer Stats

Answer % Correct
Georgia
95%
Ukraine
95%
Finland
94%
Iran
94%
South Korea
92%
Thailand
92%
Azerbaijan
92%
Lithuania
92%
Latvia
92%
Estonia
92%
Belarus
90%
Uzbekistan
89%
Turkmenistan
88%
Bangladesh
87%
Cambodia
87%
Norway
87%
Poland
86%

Score Distribution

Percentile by Number Answered

Percent of People with Each Score

Your Score History

You have not taken this quiz since the last reset